000 00801nam a2200205Ii 4500
003 JO-AjNU
008 230605s9999||||xx |||||||||||||| ||und||
040 _aJO-AjNU
_bara
_erda
_cJO-AjNU
041 _aara
050 1 4 _aGV995.M5864 1988..
100 3 _aاعداد الجمال، عبد النبي؛ تقديم، علاوي، محمد حسن,
_eauthor
_937232
245 0 0 _aالموسوعة العربية للتنس للمبتدئين، للمتقدمين، اللاعبي المسابقات، الجزء الأول
250 _aط1
264 3 1 _aطنطا: د.ن، 1988
300 _aج1، 173ص
_bصور توضيحية
336 _atext
_btxt
_2rdacontent
337 _aunmediated
_bn
_2rdamedia
338 _avolume
_bnc
_2rdacarrier
650 4 _aتنس الطاولة - رياضة
_937233
999 _aA15538
_c19106
_d19106